000 00297nam a22001337a 4500
008 210302b ||||| |||| 00| 0 eng d
020 _a9780691002408
041 _aeng
080 _a34
100 _a13
101 _aJUR
245 _aAmerican Constitutionalism
_cGriffin ,M.S
942 _2udc
_cBK
999 _c55444
_d55444